000 00591cam a2200193 a 4500
001 000007879
005 20200929154331.0
008 740426s1979 pr 001 f spa
020 _a8449905664
040 _aDO-SdBNP
_bspa
_cBNPHU
082 _aPR863.4
_bD542b, 1979
100 1 _aDíaz Montero, Aníbal,
_d1911-
_920187
245 1 3 _aLa brisa mueve las guajanas /
_cAníbal Díaz Montero.
250 _a4a ed.
260 _aSan Juan, Puerto Rico :
_bDíaz Mont,
_c1979.
300 _a157 p. :
_b22 cm.
650 4 _aNovela puertorriqueña
_91185
650 4 _aLiteratura puertorriqueña
_9250
999 _c7657
_d7657